<?xml version="1.0" encoding="UTF-8"?>
<record
    xmlns:xsi="http://www.w3.org/2001/XMLSchema-instance"
    xsi:schemaLocation="http://www.loc.gov/MARC21/slim http://www.loc.gov/standards/marcxml/schema/MARC21slim.xsd"
    xmlns="http://www.loc.gov/MARC21/slim">

  <leader>00629nam a22001577a 4500</leader>
  <controlfield tag="003">OSt</controlfield>
  <controlfield tag="005">20160208145954.0</controlfield>
  <controlfield tag="008">160208b        xxu||||| |||| 00| 0 eng d</controlfield>
  <datafield tag="040" ind1=" " ind2=" ">
    <subfield code="c">RUA</subfield>
  </datafield>
  <datafield tag="082" ind1=" " ind2=" ">
    <subfield code="a">MGR KHU 2004 B376 Or.1</subfield>
  </datafield>
  <datafield tag="100" ind1=" " ind2=" ">
    <subfield code="9">6973</subfield>
    <subfield code="a">KHUN BUNHENG &#x1783;&#x17BB;&#x1793;&#x200B; &#x1794;&#x17CA;&#x17BB;&#x1793;&#x17A0;&#x17C1;&#x1784;</subfield>
  </datafield>
  <datafield tag="245" ind1=" " ind2=" ">
    <subfield code="a">Feasibility study for the management of preah vihea protected forest, &#x1780;&#x17B6;&#x179A;&#x179F;&#x17B7;&#x1780;&#x17D2;&#x179F;&#x17B6;&#x17A2;&#x17C6;&#x1796;&#x17B8;&#x179B;&#x1791;&#x17D2;&#x1792;&#x1797;&#x17B6;&#x1796;&#x1793;&#x17C3;&#x1780;&#x17B6;&#x179A;&#x1782;&#x17D2;&#x179A;&#x1794;&#x17CB;&#x1782;&#x17D2;&#x179A;&#x1784;&#x1796;&#x17D2;&#x179A;&#x17C3;&#x1780;&#x17B6;&#x179A;&#x1796;&#x17B6;&#x179A;&#x1796;&#x17D2;&#x179A;&#x17C7;&#x179C;&#x17B7;&#x17A0;&#x17B6;&#x179A;</subfield>
  </datafield>
  <datafield tag="260" ind1=" " ind2=" ">
    <subfield code="a">Phnom Penh </subfield>
    <subfield code="b">RUA</subfield>
    <subfield code="c">2004</subfield>
  </datafield>
  <datafield tag="300" ind1=" " ind2=" ">
    <subfield code="a">ix ; 62p.</subfield>
    <subfield code="b">ill.</subfield>
    <subfield code="c">29cm.</subfield>
  </datafield>
  <datafield tag="942" ind1=" " ind2=" ">
    <subfield code="2">ddc</subfield>
    <subfield code="c">NRM</subfield>
  </datafield>
  <datafield tag="999" ind1=" " ind2=" ">
    <subfield code="c">6563</subfield>
    <subfield code="d">6563</subfield>
  </datafield>
  <datafield tag="952" ind1=" " ind2=" ">
    <subfield code="0">0</subfield>
    <subfield code="1">0</subfield>
    <subfield code="2">ddc</subfield>
    <subfield code="4">0</subfield>
    <subfield code="6">MGR_KHU_2004_000000000000000_B376_OR_1</subfield>
    <subfield code="7">0</subfield>
    <subfield code="9">37406</subfield>
    <subfield code="a">LBB</subfield>
    <subfield code="b">LBB</subfield>
    <subfield code="c">B376</subfield>
    <subfield code="d">2016-02-08</subfield>
    <subfield code="o">MGR KHU 2004 B376 Or.1</subfield>
    <subfield code="p">RUA052087</subfield>
    <subfield code="r">2016-02-08</subfield>
    <subfield code="w">2016-02-08</subfield>
    <subfield code="y">NRM</subfield>
  </datafield>
  <datafield tag="952" ind1=" " ind2=" ">
    <subfield code="0">0</subfield>
    <subfield code="1">0</subfield>
    <subfield code="2">ddc</subfield>
    <subfield code="4">0</subfield>
    <subfield code="6">MGR_KHU_2004_000000000000000_B376_OR_2</subfield>
    <subfield code="7">0</subfield>
    <subfield code="9">37407</subfield>
    <subfield code="a">LBB</subfield>
    <subfield code="b">LBB</subfield>
    <subfield code="c">B376</subfield>
    <subfield code="d">2016-02-08</subfield>
    <subfield code="o">MGR KHU 2004 B376 Or.2</subfield>
    <subfield code="p">RUA051309</subfield>
    <subfield code="r">2016-02-08</subfield>
    <subfield code="w">2016-02-08</subfield>
    <subfield code="y">NRM</subfield>
  </datafield>
  <datafield tag="952" ind1=" " ind2=" ">
    <subfield code="0">0</subfield>
    <subfield code="1">0</subfield>
    <subfield code="2">ddc</subfield>
    <subfield code="4">0</subfield>
    <subfield code="6">MGR_KHU_2004_000000000000000_B376_OR_3</subfield>
    <subfield code="7">0</subfield>
    <subfield code="9">37408</subfield>
    <subfield code="a">LBB</subfield>
    <subfield code="b">LBB</subfield>
    <subfield code="c">B376</subfield>
    <subfield code="d">2016-02-08</subfield>
    <subfield code="o">MGR KHU 2004 B376 Or.3</subfield>
    <subfield code="p">RUA050661</subfield>
    <subfield code="r">2016-02-08</subfield>
    <subfield code="w">2016-02-08</subfield>
    <subfield code="y">NRM</subfield>
  </datafield>
  <datafield tag="952" ind1=" " ind2=" ">
    <subfield code="0">0</subfield>
    <subfield code="1">0</subfield>
    <subfield code="2">ddc</subfield>
    <subfield code="4">0</subfield>
    <subfield code="6">MGR_KHU_2004_000000000000000_B376_OR_4</subfield>
    <subfield code="7">0</subfield>
    <subfield code="9">37409</subfield>
    <subfield code="a">LBB</subfield>
    <subfield code="b">LBB</subfield>
    <subfield code="c">B376</subfield>
    <subfield code="d">2016-02-08</subfield>
    <subfield code="o">MGR KHU 2004 B376 Or.4</subfield>
    <subfield code="p">RUA049947</subfield>
    <subfield code="r">2016-02-08</subfield>
    <subfield code="w">2016-02-08</subfield>
    <subfield code="y">NRM</subfield>
  </datafield>
  <datafield tag="952" ind1=" " ind2=" ">
    <subfield code="0">0</subfield>
    <subfield code="1">0</subfield>
    <subfield code="2">ddc</subfield>
    <subfield code="4">0</subfield>
    <subfield code="6">MGR_KHU_2004_000000000000000_B376_OR_5</subfield>
    <subfield code="7">0</subfield>
    <subfield code="9">37410</subfield>
    <subfield code="a">LBB</subfield>
    <subfield code="b">LBB</subfield>
    <subfield code="c">B376</subfield>
    <subfield code="d">2016-02-08</subfield>
    <subfield code="o">MGR KHU 2004 B376 Or.5</subfield>
    <subfield code="p">RUA049700</subfield>
    <subfield code="r">2016-02-08</subfield>
    <subfield code="w">2016-02-08</subfield>
    <subfield code="y">NRM</subfield>
  </datafield>
  <datafield tag="952" ind1=" " ind2=" ">
    <subfield code="0">0</subfield>
    <subfield code="1">0</subfield>
    <subfield code="2">ddc</subfield>
    <subfield code="4">0</subfield>
    <subfield code="6">MGR_KHU_2004_000000000000000_B376_OR_6</subfield>
    <subfield code="7">0</subfield>
    <subfield code="9">37411</subfield>
    <subfield code="a">LBB</subfield>
    <subfield code="b">LBB</subfield>
    <subfield code="c">B376</subfield>
    <subfield code="d">2016-02-08</subfield>
    <subfield code="o">MGR KHU 2004 B376 Or.6</subfield>
    <subfield code="p">RUA050539</subfield>
    <subfield code="r">2016-02-08</subfield>
    <subfield code="w">2016-02-08</subfield>
    <subfield code="y">NRM</subfield>
  </datafield>
  <datafield tag="952" ind1=" " ind2=" ">
    <subfield code="0">0</subfield>
    <subfield code="1">0</subfield>
    <subfield code="2">ddc</subfield>
    <subfield code="4">0</subfield>
    <subfield code="6">MGR_KHU_2004_000000000000000_B376_OR_7</subfield>
    <subfield code="7">0</subfield>
    <subfield code="9">37412</subfield>
    <subfield code="a">LBB</subfield>
    <subfield code="b">LBB</subfield>
    <subfield code="c">B376</subfield>
    <subfield code="d">2016-02-08</subfield>
    <subfield code="o">MGR KHU 2004 B376 Or.7</subfield>
    <subfield code="p">RUA050467</subfield>
    <subfield code="r">2016-02-08</subfield>
    <subfield code="w">2016-02-08</subfield>
    <subfield code="y">NRM</subfield>
  </datafield>
  <datafield tag="952" ind1=" " ind2=" ">
    <subfield code="0">0</subfield>
    <subfield code="1">0</subfield>
    <subfield code="2">ddc</subfield>
    <subfield code="4">0</subfield>
    <subfield code="6">MGR_KHU_2004_000000000000000_B376_OR_8</subfield>
    <subfield code="7">0</subfield>
    <subfield code="9">37413</subfield>
    <subfield code="a">LBB</subfield>
    <subfield code="b">LBB</subfield>
    <subfield code="c">B376</subfield>
    <subfield code="d">2016-02-08</subfield>
    <subfield code="o">MGR KHU 2004 B376 Or.8</subfield>
    <subfield code="p">RUA049924</subfield>
    <subfield code="r">2016-02-08</subfield>
    <subfield code="w">2016-02-08</subfield>
    <subfield code="y">NRM</subfield>
  </datafield>
  <datafield tag="952" ind1=" " ind2=" ">
    <subfield code="0">0</subfield>
    <subfield code="1">0</subfield>
    <subfield code="2">ddc</subfield>
    <subfield code="4">0</subfield>
    <subfield code="6">MGR_KHU_2004_000000000000000_B376_OR_9</subfield>
    <subfield code="7">0</subfield>
    <subfield code="9">37414</subfield>
    <subfield code="a">LBB</subfield>
    <subfield code="b">LBB</subfield>
    <subfield code="c">B376</subfield>
    <subfield code="d">2016-02-08</subfield>
    <subfield code="o">MGR KHU 2004 B376 Or.9</subfield>
    <subfield code="p">RUA053823</subfield>
    <subfield code="r">2016-02-08</subfield>
    <subfield code="w">2016-02-08</subfield>
    <subfield code="y">NRM</subfield>
  </datafield>
</record>
